000 00986nam a2200241Ia 4500
003 OSt
005 20211122093651.0
008 210310s1985 ck gr 000 0 spa d
040 _aCO-JMCR
_cCO-JMCR
041 0 _aspa
082 0 4 _a330.9861063 /
_bM337c
_223
100 1 _aMarín Bernal, Rodrigo
_eautor
_929187
245 1 3 _aLa crisis fiscal y el plan de ajuste /
_cRodrigo Marín Bernal
250 _a1ª. edición
260 _aBogotá :
_bContraloría General de las Republica,
_c1985.
300 _a162 páginas ;
_c24 cm.
501 _aCon: notas a pie de página.
505 0 _aLos primeros pasos. -- La economía y la crisis fiscal. -- El último tramo. -- Apertura externas y modelo de desarrollo. -- El plan de ajuste y el desempleo. -- la futura política económica. -- La política cafetera y el ingreso de los caficultores.
650 1 4 _aCrisis fiscal
_938933
650 2 4 _aPolítica económica
_941625
650 2 4 _aPolítica cafetera
_941626
942 _2ddc
_cBK
999 _c12775
_d12775